000
00298nam a2200097Ia 4500
008
220204s9999 xx 000 0 und d
082
_a
NR:058:631.961963
_b
RUB.3
245
0
_a
Directory of rubber estates and holdings in India. 1963. V 2 and V 3
260
_a
Kottayam
_b
Rubber Board
_c
1963
942
_c
BK
999
_c
20198
_d
20198